<?xml version="1.0" encoding="UTF-8"?>
<record
    xmlns:xsi="http://www.w3.org/2001/XMLSchema-instance"
    xsi:schemaLocation="http://www.loc.gov/MARC21/slim http://www.loc.gov/standards/marcxml/schema/MARC21slim.xsd"
    xmlns="http://www.loc.gov/MARC21/slim">

  <leader>00457nam a22001577a 4500</leader>
  <controlfield tag="005">20251110110950.0</controlfield>
  <controlfield tag="008">251110b        |||||||| |||| 00| 0 eng d</controlfield>
  <datafield tag="020" ind1=" " ind2=" ">
    <subfield code="a">979-8-88715-063-5</subfield>
  </datafield>
  <datafield tag="100" ind1=" " ind2=" ">
    <subfield code="a">BLAKE, REBECCA</subfield>
  </datafield>
  <datafield tag="245" ind1=" " ind2=" ">
    <subfield code="a">AGRICULTURE FOR FOOD SECURITY AND RURAL GROWTH</subfield>
  </datafield>
  <datafield tag="260" ind1=" " ind2=" ">
    <subfield code="a">DUBLIN</subfield>
    <subfield code="b">ORYSON PRESS</subfield>
    <subfield code="c">2023</subfield>
  </datafield>
  <datafield tag="300" ind1=" " ind2=" ">
    <subfield code="a">VI, 282P.</subfield>
  </datafield>
  <datafield tag="500" ind1=" " ind2=" ">
    <subfield code="a">INCLUDES INDEX</subfield>
  </datafield>
  <datafield tag="650" ind1=" " ind2=" ">
    <subfield code="a">1. FOOD SECURITY 2. AGRICULTURE- ECONOMIC ASPECTS</subfield>
  </datafield>
  <datafield tag="942" ind1=" " ind2=" ">
    <subfield code="2">ddc</subfield>
    <subfield code="c">BK</subfield>
  </datafield>
  <datafield tag="999" ind1=" " ind2=" ">
    <subfield code="c">216151</subfield>
    <subfield code="d">216151</subfield>
  </datafield>
  <datafield tag="952" ind1=" " ind2=" ">
    <subfield code="0">0</subfield>
    <subfield code="1">0</subfield>
    <subfield code="2">lcc</subfield>
    <subfield code="4">0</subfield>
    <subfield code="6">S04945 F66  02023</subfield>
    <subfield code="7">0</subfield>
    <subfield code="9">373189</subfield>
    <subfield code="a">KSUL</subfield>
    <subfield code="b">KSUL</subfield>
    <subfield code="d">2025-11-10</subfield>
    <subfield code="i">109653</subfield>
    <subfield code="l">0</subfield>
    <subfield code="o">S 494.5.F66 2023</subfield>
    <subfield code="p">000000017682</subfield>
    <subfield code="r">2025-11-10 11:11:00</subfield>
    <subfield code="t">C.1</subfield>
    <subfield code="w">2025-11-10</subfield>
    <subfield code="y">BK</subfield>
  </datafield>
  <datafield tag="952" ind1=" " ind2=" ">
    <subfield code="0">0</subfield>
    <subfield code="1">0</subfield>
    <subfield code="2">lcc</subfield>
    <subfield code="4">0</subfield>
    <subfield code="6">S04945 F66 B553  02023</subfield>
    <subfield code="7">0</subfield>
    <subfield code="9">373190</subfield>
    <subfield code="a">KSUL</subfield>
    <subfield code="b">KSUL</subfield>
    <subfield code="d">2025-11-10</subfield>
    <subfield code="i">109654</subfield>
    <subfield code="l">0</subfield>
    <subfield code="o">S 494.5.f66b553 2023</subfield>
    <subfield code="p">000000017681</subfield>
    <subfield code="r">2025-11-10 11:13:00</subfield>
    <subfield code="t">C.2</subfield>
    <subfield code="w">2025-11-10</subfield>
    <subfield code="y">BK</subfield>
  </datafield>
  <datafield tag="952" ind1=" " ind2=" ">
    <subfield code="0">0</subfield>
    <subfield code="1">0</subfield>
    <subfield code="2">lcc</subfield>
    <subfield code="4">0</subfield>
    <subfield code="6">S04945 F66 B553  02023</subfield>
    <subfield code="7">0</subfield>
    <subfield code="9">373191</subfield>
    <subfield code="a">KSUL</subfield>
    <subfield code="b">KSUL</subfield>
    <subfield code="d">2025-11-10</subfield>
    <subfield code="i">109655</subfield>
    <subfield code="l">0</subfield>
    <subfield code="o">S 494.5.f66b553 2023</subfield>
    <subfield code="p">000000017680</subfield>
    <subfield code="r">2025-11-10 11:13:00</subfield>
    <subfield code="t">C.3</subfield>
    <subfield code="w">2025-11-10</subfield>
    <subfield code="y">BK</subfield>
  </datafield>
  <datafield tag="952" ind1=" " ind2=" ">
    <subfield code="0">0</subfield>
    <subfield code="1">0</subfield>
    <subfield code="2">lcc</subfield>
    <subfield code="4">0</subfield>
    <subfield code="6">S04945 F66 B553  02023</subfield>
    <subfield code="7">0</subfield>
    <subfield code="9">373192</subfield>
    <subfield code="a">KSUL</subfield>
    <subfield code="b">KSUL</subfield>
    <subfield code="d">2025-11-10</subfield>
    <subfield code="i">109656</subfield>
    <subfield code="l">0</subfield>
    <subfield code="o">S 494.5.f66b553 2023</subfield>
    <subfield code="p">000000017679</subfield>
    <subfield code="r">2025-11-10 11:13:00</subfield>
    <subfield code="t">C.4</subfield>
    <subfield code="w">2025-11-10</subfield>
    <subfield code="y">BK</subfield>
  </datafield>
</record>
